000 00885nam a2200289 i 4500
001 bg
100 1 _aKłosowski, Stanisław
_d(1952- ).
245 1 0 _aRośliny wodne i bagienne /
_cStanisław i Grzegorz Kłosowscy.
260 _aWarszawa :
_bMultico Oficyna Wydawnicza,
_c2006.
300 _a333 s. :
_bil. kolor. ;
_c22 cm.
490 1 _aFlora Polski
504 _aBibliogr. Indeks.
650 9 _aBagna
_xflora
_zPolska
650 9 _aRośliny wodne
_zPolska
655 _aAtlasy
700 1 _aKŁosowski, Grzegorz
_d(1952- ).
830 0 _aFlora Polski - Multico
020 _a9788370732486
040 _cBPK
041 _apol
044 _aPOL
080 _a581.9(438:28)(084.4)
920 _a978-83-7073-248-6
942 _cKS
008 s pl f |000 0 pol
999 _c55684
_d55684
856 _uhttp://koha.tu.koszalin.pl/cgi-bin/koha/opac-detail.pl?biblionumber=55684
_yKatalog online BPK